LEADER 01879nam 2200505 a 450 001 9910702012203321 005 20121003093156.0 035 $a(CKB)5470000002424010 035 $a(OCoLC)811765949 035 $a(EXLCZ)995470000002424010 100 $a20121003d2012 ua 0 101 0 $aeng 135 $aurcn||||||||| 181 $ctxt$2rdacontent 182 $cc$2rdamedia 183 $acr$2rdacarrier 200 03$aAn evaluation of protocols for UAV science applications$b[electronic resource] /$fWilliam D. Ivancic ... [and others] 210 1$aCleveland, Ohio :$cNational Aeronautics and Space Administration, Glenn Research Center,$d[2012] 215 $a1 online resource (7 pages) $ccolor illustrations 225 1 $aNASA/TM ;$v2012-217276 300 $aTitle from title screen (viewed on Oct. 3, 2012). 300 $a"April 2012." 300 $a"Prepared for the 2011 Earth and Science Technology Forum (ESTF2011) sponsored by the NASA Earth Science Technology Office (ESTO) Pasadena, California, June 21-23, 2011." 320 $aIncludes bibliographical references (pages 6-7). 606 $aPilotless aircraft$2nasat 606 $aPayloads$2nasat 606 $aDeployment$2nasat 606 $aAmplification$2nasat 606 $aSatellite communication$2nasat 606 $aRemote sensing$2nasat 615 7$aPilotless aircraft. 615 7$aPayloads. 615 7$aDeployment. 615 7$aAmplification. 615 7$aSatellite communication. 615 7$aRemote sensing. 701 $aIvancic$b William D$01389619 712 02$aNASA Glenn Research Center. 712 12$aEarth and Science Technology Forum$f(2011 :$ePasadena, Calif.) 801 0$bGPO 801 1$bGPO 906 $aBOOK 912 $a9910702012203321 996 $aAn evaluation of protocols for UAV science applications$93503618 997 $aUNINA LEADER 01256nam2 22003133i 450 001 PUV0213307 005 20231121125610.0 010 $a052130105X 100 $a20001218d1994 ||||0itac50 ba 101 | $aeng 102 $agb 181 1$6z01$ai $bxxxe 182 1$6z01$an 200 0 $a1: 1590-1820$fgeneral editor Sacvan Bercovitch, associate editor Cyrus R. K. Patell 210 $aCambridge etc.!$cCambridge university press$d1994 215 $aXIII, 829 p.$d24 cm. 461 1$1001TO00348950$12001 $aCambridge history of American literature$fgeneral editor Sacvan Bercovitch$v1 702 1$aBercovitch$b, Sacvan$3RAVV078370 702 1$aPatell$b, Cyrus R. K.$3TO0V167644 801 3$aIT$bIT-01$c20001218 850 $aIT-RM028 $aIT-RM0289 $aIT-FR0017 899 $aBiblioteca Universitaria Alessandrina$bRM028 899 $aBiblioteca Statale A. Baldini$bRM0289 899 $aBiblioteca umanistica Giorgio Aprea$bFR0017 $eN 912 $aPUV0213307 950 2$aBiblioteca umanistica Giorgio Aprea$d 52MAG 5/2213.1$e 52FLS0000111855 VMB RS $fA $h20200914$i20200914 977 $a 01$a 04$a 52 996 $a1: 1590-1820$93613260 997 $aUNICAS